Taylor Swift or Olivia Rodrigo Songs - Statistics

General Stats
  • This quiz has been taken 225 times
  • The average score is 11 of 12
Answer Stats
Hint Answer % Correct
Deja Vu Olivia Rodrigo
97%
Brutal Olivia Rodrigo
94%
Bad Idea Right? Olivia Rodrigo
94%
Paper Rings Taylor Swift
94%
Forever & Always Taylor Swift
93%
Maroon Taylor Swift
92%
Happier Olivia Rodrigo
91%
…Ready For It? Taylor Swift
90%
So American Olivia Rodrigo
89%
Dorothea Taylor Swift
86%
Teenage Dream Olivia Rodrigo
85%
Innocent Taylor Swift
82%
No matching quizzes found
Score Distribution
Percent of People with Each Score
Percentile by Number Answered
Your Score History
You have not taken this quiz